[Event "BCF-chT2 0506 (4NCL)"]
[Site "Birmingham"]
[Date "2006.03.05"]
[Round "8.3"]
[White "Kaid, Almar"]
[Black "Wu, Li"]
[Result "1-0"]
[WhiteElo "2275"]
[BlackElo "2287"]
[PlyCount "67"]
[EventDate "2005.10.22"]
[EventType "team"]
[EventRounds "11"]
[EventCountry "ENG"]
[SourceTitle "EXT 2007"]
[Source "ChessBase"]
[SourceDate "2006.11.23"]
[SourceVersion "1"]
[SourceVersionDate "2006.11.23"]
[SourceQuality "1"]
[WhiteTeam "White Rose"]
[BlackTeam "Warwicks Select"]
[WhiteTeamCountry "ENG"]
[BlackTeamCountry "ENG"]

1. Nf3 Nf6 2. g3 g6 3. b3 Bg7 4. Bb2 0-0 5. Bg2 d6 6. d4 c5 7. c4 Nc6 8. 0-0 cxd4 9. Nxd4 Bd7 10. Nc2 Qc8 11. Re1 Bh3 12. Bh1 Rd8 13. e4 a6 14. Nc3 Nd7 15. Rb1 Rb8 16. Nd5 Be6 17. Qd2 Bxb2 18. Rxb2 Re8 19. Nce3 Qd8 20. h4 Nf8 21. h5 f6 22. f4 Bf7 23. hxg6 hxg6 24. Ng4 b5 25. e5 dxe5 26. fxe5 f5 27. Qh6 Bxd5 28. Bxd5+ e6 29. Rh2 Kf7 30. Qh8 Qb6+ 31. Kh1 Ke7 32. Nf6 exd5 33. Nxd5+ Kd8 34. Qf6+ 1-0

[Event "BCF-chT2 0506 (4NCL)"]
[Site "Birmingham"]
[Date "2006.01.14"]
[Round "5.2"]
[White "Kaid, Almar"]
[Black "Dorrington, Christopher"]
[Result "1/2-1/2"]
[WhiteElo "2275"]
[BlackElo "2227"]
[PlyCount "143"]
[EventDate "2005.10.22"]
[EventType "team"]
[EventRounds "11"]
[EventCountry "ENG"]
[SourceTitle "EXT 2007"]
[Source "ChessBase"]
[SourceDate "2006.11.23"]
[SourceVersion "1"]
[SourceVersionDate "2006.11.23"]
[SourceQuality "1"]
[WhiteTeam "White Rose"]
[BlackTeam "PYO"]
[WhiteTeamCountry "ENG"]
[BlackTeamCountry "ENG"]

1. c4 e6 2. g3 Nf6 3. Bg2 d5 4. Nf3 Be7 5. d4 0-0 6. Qc2 b6 7. 0-0 Ba6 8. Ne5 c6 9. Rd1 Nfd7 10. cxd5 cxd5 11. Nc3 Bb7 12. Bf4 a6 13. Rac1 Nxe5 14. dxe5 f6 15. exf6 Bxf6 16. e4 d4 17. e5 Bxg2 18. Kxg2 Bg5 19. Bxg5 Qxg5 20. Rxd4 Qxe5 21. Qe4 Qf6 22. Rd2 Ra7 23. Re1 Rd7 24. Rde2 Rd6 25. Qb4 Rc6 26. Qe4 Rd6 27. Qe3 Qd8 28. Ne4 Rd3 29. Qg5 Nc6 30. Qxd8 Rfxd8 31. Ng5 e5 32. Nf3 Rxf3 33. Kxf3 Nd4+ 34. Ke4 Nxe2 35. Rxe2 Kf7 36. Rc2 Ke6 37. h4 Rd4+ 38. Ke3 g6 39. Rc8 Rd6 40. Ra8 b5 41. g4 Kf6 42. g5+ Ke6 43. Ra7 Rd4 44. Rxh7 Ra4 45. Rg7 Kf5 46. Rf7+ Kg4 47. Rf6 Kxh4 48. Rxg6 Rxa2 49. f4 Kg4 50. fxe5 Kf5 51. Rf6+ Kxe5 52. Rf2 Ra4 53. Rg2 Rd4 54. g6 Rd8 55. g7 Rg8 56. b4 Kd5 57. Kd3 Ke5 58. Ke3 Kd5 59. Rg4 Ke5 60. Kd3 Kf5 61. Rg1 Ke5 62. Rg6 Rd8+ 63. Kc3 Rg8 64. Kd3 Rd8+ 65. Ke3 Rg8 66. Rg5+ Kf6 67. Kf4 Rxg7 68. Rxg7 Kxg7 69. Ke5 Kf7 70. Kd5 Ke7 71. Kc5 Kd7 72. Kb6 1/2-1/2

[Event "BCF-chT2 0506 (4NCL)"]
[Site "Birmingham"]
[Date "2005.11.20"]
[Round "4.2"]
[White "Kaid, Almar"]
[Black "Buckley, Simon T"]
[Result "1-0"]
[WhiteElo "2275"]
[BlackElo "2338"]
[PlyCount "73"]
[EventDate "2005.10.22"]
[EventType "team"]
[EventRounds "11"]
[EventCountry "ENG"]
[SourceTitle "EXT 2007"]
[Source "ChessBase"]
[SourceDate "2006.11.23"]
[SourceVersion "1"]
[SourceVersionDate "2006.11.23"]
[SourceQuality "1"]
[WhiteTeam "White Rose"]
[BlackTeam "Bristol"]
[WhiteTeamCountry "ENG"]
[BlackTeamCountry "ENG"]

1. Nf3 e6 2. g3 b5 3. Bg2 Bb7 4. d4 Nf6 5. 0-0 Be7 6. Bg5 h6 7. Bxf6 Bxf6 8. Qd3 a6 9. Nbd2 d6 10. a4 Qd7 11. axb5 axb5 12. Rxa8 Bxa8 13. Ra1 Bc6 14. e4 Qc8 15. d5 Bd7 16. dxe6 fxe6 17. e5 dxe5 18. Ne4 Kf7 19. Ra8 Bc6 20. Ra7 Qd8 21. Qe2 Be8 22. Nxe5+ Kf8 23. Nxf6 gxf6 24. Nd3 Qe7 25. Nf4 Kf7 26. Bh3 f5 27. Qe5 Rh7 28. Rxc7 Nd7 29. Qxb5 Qd6 30. Qc4 Kf6 31. Rc6 Qd1+ 32. Bf1 Bf7 33. Nxe6 Ne5 34. Qc3 Qd5 35. f4 Bxe6 36. fxe5+ Kg6 37. Qc4 1-0

[Event "Bundesliga 0405"]
[Site "Germany"]
[Date "2005.03.12"]
[Round "12.8"]
[White "Kaid, Almar"]
[Black "Doettling, Fabian"]
[Result "1/2-1/2"]
[WhiteElo "2275"]
[BlackElo "2526"]
[PlyCount "39"]
[EventDate "2004.11.12"]
[EventType "team-tourn"]
[EventRounds "15"]
[EventCountry "GER"]
[SourceTitle "CBM 106"]
[Source "ChessBase"]
[SourceDate "2005.06.06"]
[SourceVersion "1"]
[SourceVersionDate "2005.06.06"]
[SourceQuality "1"]
[WhiteTeam "Muelheim Nord"]
[BlackTeam "Baden Oos"]
[WhiteTeamCountry "GER"]
[BlackTeamCountry "GER"]

1. c4 e6 2. g3 d5 3. Bg2 Nf6 4. Nf3 Be7 5. 0-0 0-0 6. d4 dxc4 7. Qc2 a6 8. Qxc4 b5 9. Qc2 Bb7 10. Bg5 Nbd7 11. Bxf6 Nxf6 12. Nbd2 Rc8 13. Nb3 Be4 14. Qc3 c6 15. Rfc1 Nd5 16. Qd2 Bb4 17. Qd1 Nb6 18. Ne5 Bxg2 19. Kxg2 Nc4 20. Nd3 1/2-1/2

[Event "Ruhrgebiet Regionalliga 0405"]
[Site "Ruhrgebiet"]
[Date "2004.11.14"]
[Round "3.3"]
[White "Joergens, Markus"]
[Black "Kaid, Almar"]
[Result "0-1"]
[WhiteElo "2038"]
[BlackElo "2256"]
[PlyCount "86"]
[EventDate "2004.09.19"]
[EventType "team"]
[EventRounds "9"]
[EventCountry "GER"]
[SourceTitle "EXT 2006"]
[Source "ChessBase"]
[SourceDate "2005.11.24"]
[SourceVersion "1"]
[SourceVersionDate "2005.11.24"]
[SourceQuality "1"]
[WhiteTeam "Oberhausen"]
[BlackTeam "Muelheim Nord II"]
[WhiteTeamCountry "GER"]
[BlackTeamCountry "GER"]

1. d4 d5 2. c4 e6 3. Nf3 Nf6 4. Nc3 Nbd7 5. Bg5 Be7 6. e3 0-0 7. Rc1 a6 8. a3 h6 9. Bf4 dxc4 10. Bxc4 c5 11. Ba2 b5 12. 0-0 Bb7 13. Qe2 Rc8 14. dxc5 Nxc5 15. Rfd1 Qb6 16. Be5 b4 17. axb4 Qxb4 18. Rd4 Qb6 19. Rcd1 Nfe4 20. Nxe4 Nxe4 21. Bb1 Nf6 22. h3 Rc5 23. Bxf6 Bxf6 24. Qd3 g6 25. Rg4 Qc7 26. Nd4 Rd8 27. Ba2 Bg7 28. Qb1 h5 29. Rg3 Bd5 30. Bxd5 Rdxd5 31. Nb3 Rxd1+ 32. Qxd1 Rd5 33. Qe2 Qb6 34. e4 Rb5 35. Qc2 a5 36. Qc8+ Kh7 37. Nd2 Rxb2 38. Nc4 Qxf2+ 39. Kh2 Rc2 40. Qc7 h4 41. Rg4 Rxc4 42. Qxc4 Be5+ 43. Kh1 Qe1+ 0-1

[Event "Internet Section 09A g/8'+2\""]
[Site "Dos Hermanas"]
[Date "2004.03.09"]
[Round "6"]
[White "Kaid, Almar"]
[Black "Bentsen, Hakon"]
[Result "1-0"]
[WhiteElo "2260"]
[BlackElo "2164"]
[PlyCount "89"]
[EventDate "2004.03.09"]
[EventType "swiss (blitz)"]
[EventRounds "9"]
[EventCountry "ESP"]
[SourceTitle "CBM 099 Extra"]
[Source "ChessBase"]
[SourceDate "2004.05.04"]
[SourceVersion "1"]
[SourceVersionDate "2004.05.04"]
[SourceQuality "1"]

1. c4 c5 2. Nf3 Nf6 3. Nc3 Nc6 4. d4 cxd4 5. Nxd4 Nxd4 6. Qxd4 e6 7. g3 Qb6 8. Qxb6 axb6 9. Bg2 Bb4 10. Bd2 Bxc3 11. Bxc3 0-0 12. 0-0 Rd8 13. Rfd1 Kf8 14. Bd4 b5 15. Bb6 Re8 16. cxb5 d5 17. a4 Bd7 18. b3 Rec8 19. Rac1 Ke8 20. Bd4 Rxc1 21. Rxc1 Rc8 22. Rxc8+ Bxc8 23. e3 Kd7 24. Kf1 Kd6 25. f4 Bd7 26. Ke2 Ne8 27. e4 f6 28. exd5 exd5 29. h3 Nc7 30. Ba7 Ne6 31. Ke3 f5 32. b4 g6 33. Bb8+ Ke7 34. Bxd5 Nd8 35. Be5 Be6 36. Kd4 Bxd5 37. Kxd5 Kd7 38. a5 h5 39. Bf6 Ne6 40. Be5 Nd8 41. a6 bxa6 42. bxa6 Nc6 43. b5 Na7 44. b6 Nc6 45. a7 1-0